| 000 | 01630nam0a22002771 4500 | ||
|---|---|---|---|
| 001 | rc\3460789 | ||
| 005 | 20260407094611.0 | ||
| 021 |
_aRU _b[70-53259] |
||
| 035 | _a(NLR Aleph) 007895708 | ||
| 090 |
_a8006095 _c8006095 |
||
| 100 | _a20130115d1970 |||y0rusy50 ca | ||
| 101 | 0 | _arus | |
| 102 | _aRU | ||
| 105 | _aa z ||||| | ||
| 200 | 1 |
_aОрганизация механизированных звеньев с безнарядной оплатой труда в земледелии _eМатериалы науч.-производ. конференции [17-20 марта 1970 г.] _fМ-во сел. хоз-ва РСФСР. Производ.-техн. центр НОТ. Всерос. науч.-исслед. ин-т организации и оплаты труда в сел. хоз-ве |
|
| 210 |
_aМосква _cБ. и. _d1970 |
||
| 215 |
_a63 с., 2 л. граф., 1 отд. л. табл. _d20 |
||
| 606 |
_aТракторно-полеводческие бригады и звенья _xОрганизация труда _2psbo |
||
| 712 | 0 | 2 |
_aВсероссийский НИИ организации и оплаты труда в сельском хозяйстве _3RU\NLR\AUTH\889920340 _9336878 |
| 712 | 1 | 2 | _aНаучно-производственная конференция по организации механизир. звеньев в земледелии, применяющих безнарядную (поврем.) оплату труда (1970; Москва) |
| 801 | 0 |
_aRU _bNLR _gpsbo |
|
| 801 | 1 |
_aRU _bELAR _2rusmarc |
|
| 852 |
_aNLR _j70-4/14982 |
||
| 942 | _cBOOK | ||
| 980 | _aNB | ||